Taman Negeri Gunung Stong, Kelantan : Pengurusan, persekitaran fizikal biologi dan sosio-ekonomi

Bibliographic Details
Corporate Author: Jabatan Perhutanan Semenanjung Malaysia
Other Authors: Shaharuddin Mohamad Ismail
Format: Book
Published: Kuala Lumpur : Jabatan Perhutanan Semenanjung Malaysia , 2005
Series:Siri 5 : Siri kepelbagaian biologi hutan
Subjects:

MARC

LEADER 00000cam a2200000 7i4500
001 0000003599
005 20070810.0
020 0 0 |a 9839269410 
090 0 0 |a 333.7809595111   |b TAM 
245 0 0 |a Taman Negeri Gunung Stong, Kelantan :   |b Pengurusan, persekitaran fizikal biologi dan sosio-ekonomi   |c Shaharuddin Mohamad Ismail... [et al.] 
260 0 0 |a Kuala Lumpur :   |b Jabatan Perhutanan Semenanjung Malaysia ,   |c 2005 
300 |a 442 ms. :   |b il., peta ;   |c 26cm. 
440 0 0 |a Siri 5 : Siri kepelbagaian biologi hutan 
650 0 0 |a Environmental management   |z Kelantan 
650 0 0 |a National parks and reserves   |z Kelantan 
700 1 1 |a Shaharuddin Mohamad Ismail 
710 1 1 |a Jabatan Perhutanan Semenanjung Malaysia 
999 |a 0000007169   |b Monograph   |c Open Shelf   |e Default branch 
999 |a 0000007170   |b Monograph   |c Open Shelf   |e Default branch 
999 |a 0000007171   |b Monograph   |c Open Shelf   |e Default branch 
999 |a 0000007172   |b Monograph   |c Open Shelf   |e Default branch 
999 |a 0000007173   |b Monograph   |c Open Shelf   |e Default branch